000 02010cam a22002174a 4500
005 20250605163948.0
008 250528s ||||||||||||||||||||||||d
035 _a15273
020 _a053810760X
040 _aGR-AtMCL
_bgre
_dGR-AtMCL
_eAACR2
245 1 _aUsing Computers / Managing Change
260 _bSouth-Western Publishing Co,
_c1989
300 _a736
505 0 _aPreface, Overview, Computers and Their Impact, Some Basic Concepts, Hardware, Computers Large and Small, Input and Output, The Central Processing Unit and Storage, Data Communication, Software, Programming: Process and Tools and Techniques, Programming Languages and Operating Systems, Personal-Productivity Software, File-Processing and Data-Base Systems, Computers: The Impact, People and Systems, Introduction to Business Systems, Management and System Analysis, Management Support and Expert Systems, The Automated Office, Automating Production, Our Automated Lives, Uses of Computers: Some Applications, Privacy and Computer Crime and Security, The Future of Computing: Trends and Prospects, Appendix: Programming in BASIC, Glossary, Index.
520 _aPreface, Overview, Computers and Their Impact, Some Basic Concepts, Hardware, Computers Large and Small, Input and Output, The Central Processing Unit and Storage, Data Communication, Software, Programming: Process and Tools and Techniques, Programming Languages and Operating Systems, Personal-Productivity Software, File-Processing and Data-Base Systems, Computers: The Impact, People and Systems, Introduction to Business Systems, Management and System Analysis, Management Support and Expert Systems, The Automated Office, Automating Production, Our Automated Lives, Uses of Computers: Some Applications, Privacy and Computer Crime and Security, The Future of Computing: Trends and Prospects, Appendix: Programming in BASIC, Glossary, Index.
700 1 _aDolan Edwin G
_91168
700 1 _aReiss Levi
_91169
942 _cBK
999 _c866
_d866